C A Duquemin Ltd v Slater (Record no. 44119)
[ view plain ]
| 000 -LEADER | |
|---|---|
| fixed length control field | 01626cab a2200253 4500 |
| 001 - CONTROL NUMBER | |
| control field | ABS49127 |
| 008 - FIXED-LENGTH DATA ELEMENTS--GENERAL INFORMATION | |
| fixed length control field | 090401t1993 xxu||||| |||| 00| 0 eng d |
| 035 ## - SYSTEM CONTROL NUMBER | |
| System control number | (Sirsi) u70128 |
| 041 ## - LANGUAGE CODE | |
| Language code of text/sound track or separate title | eng |
| 245 ## - TITLE STATEMENT | |
| Title | C A Duquemin Ltd v Slater |
| 260 ## - PUBLICATION, DISTRIBUTION, ETC. | |
| Date of publication, distribution, etc. | 1993 |
| 350 ## - PRICE (NR) (BK AM CF MU VM SE) [OBSOLETE] | |
| Price | 0 |
| 490 ## - SERIES STATEMENT | |
| Series statement | Construction Industry Law Letter |
| Volume/sequential designation | 1993 CILL 854-856(3) |
| 520 ## - SUMMARY, ETC. | |
| Summary, etc. | CA 31 March 1993. The case arose as a result of refurbishment work by the contractor (D) under JCT contract without quantities. The property was not owned by the employer (S) so in law defects in work would not result in loss to the employer. The dispute arose because D claimed for disruption, delay and payment on final account and S claimed for defective work. The claims were referred to arbitration and an interim award was issued. No deduction was made on account of defective work because it was said that S`s locking out of D had prevented them carrying their contractual obligations and deprived them of the opportunity to carry out remedial work. He rejected S`s claim as all expenses incurred in remedying defects had been born by the owner of the property not by S. S appealed against this award. Further interim awards were made. The court gave the abitrator power to `abate the contractors claim`. The arbitrator was therefore empowered to deduct the difference between the value of w |
| 650 ## - SUBJECT ADDED ENTRY--TOPICAL TERM | |
| Topical term or geographic name entry element | CLAIMS |
| 650 ## - SUBJECT ADDED ENTRY--TOPICAL TERM | |
| Topical term or geographic name entry element | DELAYS |
| 650 ## - SUBJECT ADDED ENTRY--TOPICAL TERM | |
| Topical term or geographic name entry element | INTERIM AWARDS |
| 650 ## - SUBJECT ADDED ENTRY--TOPICAL TERM | |
| Topical term or geographic name entry element | JCT80 WITH QUANTITIES |
| 650 ## - SUBJECT ADDED ENTRY--TOPICAL TERM | |
| Topical term or geographic name entry element | PROLONGATION AWARDS |
| 650 ## - SUBJECT ADDED ENTRY--TOPICAL TERM | |
| Topical term or geographic name entry element | SCOTT SCHEDULES |
| 690 ## - LOCAL SUBJECT ADDED ENTRY--TOPICAL TERM (OCLC, RLIN) | |
| Topical term or geographic name as entry element | BUILDING AND CONSTRUCTION-CASE LAW |
| 942 ## - ADDED ENTRY ELEMENTS (KOHA) | |
| Suppress in OPAC | 0 |
| 948 ## - LOCAL PROCESSING INFORMATION (OCLC); SERIES PART DESIGNATOR (RLIN) | |
| c (OCLC) | 04/03/1997 |
| Withdrawn status | Lost status | Source of classification or shelving scheme | Damaged status | Not for loan | Home library | Current library | Shelving location | Date acquired | Total Checkouts | Full call number | Barcode | Date last seen | Copy number | Price effective from | Koha item type |
|---|---|---|---|---|---|---|---|---|---|---|---|---|---|---|---|
| Dewey Decimal Classification | London | London | Journal article | 14/09/1999 | ABS49127 | 70128-1001 | 06/08/2019 | 1 | 06/08/2019 | Law report |